ბათუმის შოთა რუსთაველის სახელმწიფო უნივერსიტეტის ბიბლიოთეკა

ჭინჭრაქა (ბიბ.ჩანაწერი № 43222)

000 -LEADER
fixed length control field 00801nam a2200229Ia 4500
001 - CONTROL NUMBER
control field 9949
003 - CONTROL NUMBER IDENTIFIER
control field GE_BSU
008 - FIXED-LENGTH DATA ELEMENTS--GENERAL INFORMATION
fixed length control field 181216s||||||||xx |||||||||||||| ||und||
040 ## - CATALOGING SOURCE
Transcribing agency GE_BSU
080 ## - UNIVERSAL DECIMAL CLASSIFICATION NUMBER
Universal Decimal Classification number 821.353.1-22
100 ## - MAIN ENTRY--PERSONAL NAME
Personal name ნახუცრიშვილი,გ
245 ## - TITLE STATEMENT
Title ჭინჭრაქა
245 ## - TITLE STATEMENT
Remainder of title ზღაპარი-კომედია 3მოქმედებად 7სურათად.
245 ## - TITLE STATEMENT
Statement of responsibility, etc. სარედ:კოლეგია.კ.კალაძე;ბ.ჟღენტი;ვ.კანდელაკი
260 ## - PUBLICATION, DISTRIBUTION, ETC.
Place of publication, distribution, etc. თბილისი.
260 ## - PUBLICATION, DISTRIBUTION, ETC.
Name of publisher, distributor, etc. ხელოვნება
260 ## - PUBLICATION, DISTRIBUTION, ETC.
Date of publication, distribution, etc. 1969
300 ## - PHYSICAL DESCRIPTION
Extent 89გვ;16სმ.
653 ## - INDEX TERM--UNCONTROLLED
Uncontrolled term ზღაპარი-კომედია
653 ## - INDEX TERM--UNCONTROLLED
Uncontrolled term ჭინჭრაქა
942 ## - ADDED ENTRY ELEMENTS (KOHA)
Koha item type წიგნი
ეგზემპლარები
Withdrawn status Lost status Damaged status Not for loan Date acquired Barcode Date last seen Price effective from Koha item type
        2018-12-17 32982 2018-12-17 2018-12-17 წიგნი
        2018-12-17 32983 2018-12-17 2018-12-17 წიგნი